Etnografía: sociedades indígenas contemporáneas y su ideología

Gespeichert in:
Bibliographische Detailangaben
Hauptverfasser: Hidalgo Lehuedé, Jorge Alfredo (VerfasserIn), Schiappacasse Ferretti, Virgilio (VerfasserIn), Aldunate del Solar, Carlos Alberto (VerfasserIn)
Weitere Verfasser: Niemeyer Fernández, Hans (autor), Mege Rosso, Pedro Ramiro (autor)
Format: Buch
Sprache:Spanisch
Veröffentlicht: Santiago Andrés Bello 1996
Schriftenreihe:Culturas de Chile, 2
Schlagworte:
Tags: Tag hinzufügen
Keine Tags, Fügen Sie den ersten Tag hinzu!

MARC

LEADER 00000nam a2200000 a 4500
001 UCS4454
003 CL-VaPUC
008 970801e19960000CL |||||||||||||||||spa|d
020 |a 9561314371 
082 0 4 |a 306.08  |b HID  |2 21 
100 |a Hidalgo Lehuedé, Jorge Alfredo  |e author  |9 590570 
700 0 |a Schiappacasse Ferretti, Virgilio  |e author  |9 390287 
700 |a Niemeyer Fernández, Hans  |e autor  |9 325793 
700 0 |a Aldunate del Solar, Carlos Alberto  |e author  |9 390289 
700 |a Mege Rosso, Pedro Ramiro  |e autor  |9 390290 
245 1 0 |a Etnografía: sociedades indígenas contemporáneas y su ideología 
300 |a 303 p 
942 |c BK 
945 |d 19970801 00:00:00  |a jquezada 
260 |a Santiago  |b Andrés Bello  |c 1996 
650 0 |a Etnografía   |9 309735 
650 0 |a Trabajo en terreno  |9 334006 
650 0 |a Antropología cultural y social   |9 265143 
650 7 |a CONDICIONES CULTURALES  |2 CL-VaPUC  |9 319132 
650 0 |a Costumbres y tradiciones   |9 268292 
650 7 |a GRUPOS ETNICOS  |2 CL-VaPUC  |9 324200 
651 7 |a CHILE  |2 CL-VaPUC  |9 390291 
583 |a last modification  |c 20190712 11:15:58  |k Rodrigo Vera 
490 0 |a Culturas de Chile, 2 
999 |c 261491  |d 261489 
952 |0 0  |1 0  |4 0  |6 306_080000000000000_HID_1996  |7 0  |8 A  |9 288950  |a BIBARQ  |b BIBARQ  |d 2019-11-19  |i 3336611  |l 4  |o 306.08 HID 1996  |p 3336611  |r 2025-01-20  |s 2022-01-03  |w 2019-11-19  |y BK  |k ARQ 
952 |0 0  |1 0  |4 0  |6 306_080000000000000_HID_1996  |7 0  |8 X  |9 288951  |a FDOMLP  |b FDOMLP  |d 2019-11-19  |i 4107616  |o 306.08 HID 1996  |p 4107616  |r 2019-11-19  |w 2019-11-19  |y BK_X  |k BU2